札幌市の区 - Statistics

General Stats
  • This quiz has been taken 42 times
  • The average score is 9 of 10
Answer Stats
Answer % Correct
100%
100%
100%
西
100%
中央
95%
白石
82%
手稲
79%
清田
79%
厚別
77%
豊平
74%
No matching quizzes found
Score Distribution
Percent of People with Each Score
Percentile by Number Answered
Your Score History
You have not taken this quiz